000
00220nas a2200097Ia 4500
022
_a
0019-5413
245
_a
Indian Journal of Orthopedics
260
_c
2010
_a
INDIA
_b
WOLTER KLUWER
310
_a
BIO-MONTHLY
942
_2
ddc
_c
LJ
999
_c
6189
_d
6189